Performing art in the PALA and SENA periods: (Record no. 222645)
[ view plain ]
| 000 -LEADER | |
|---|---|
| fixed length control field | 00703nam a22002057a 4500 |
| 005 - DATE AND TIME OF LATEST TRANSACTION | |
| control field | 20220426153212.0 |
| 008 - FIXED-LENGTH DATA ELEMENTS--GENERAL INFORMATION | |
| fixed length control field | 220426b ||||| |||| 00| 0 eng d |
| 040 ## - CATALOGING SOURCE | |
| Transcribing agency | Aloy |
| 041 ## - LANGUAGE CODE | |
| Language code of text/sound track or separate title | eng |
| 082 ## - DEWEY DECIMAL CLASSIFICATION NUMBER | |
| Edition number | 23 |
| Classification number | 790.2 |
| Item number | SARP |
| 100 ## - MAIN ENTRY--PERSONAL NAME | |
| Personal name | Urmi Mala Sarkar |
| 100 ## - MAIN ENTRY--PERSONAL NAME | |
| 9 (RLIN) | 32043 |
| 245 ## - TITLE STATEMENT | |
| Title | Performing art in the PALA and SENA periods: |
| Remainder of title | The goldern centuries of dance and music as reflected in the contemporary literature (8th-12th century AD |
| 260 ## - PUBLICATION, DISTRIBUTION, ETC. | |
| Place of publication, distribution, etc. | New Delhi |
| Name of publisher, distributor, etc. | Indian Council for Cultural Relations |
| Date of publication, distribution, etc. | 2005 |
| 300 ## - PHYSICAL DESCRIPTION | |
| Extent | 34p. |
| Other physical details | HB |
| Dimensions | 23x16cm. |
| 365 ## - TRADE PRICE | |
| Source of price type code | Performing Arts |
| 650 ## - SUBJECT ADDED ENTRY--TOPICAL TERM | |
| Topical term or geographic name entry element | Performing Arts |
| 9 (RLIN) | 32044 |
| 650 ## - SUBJECT ADDED ENTRY--TOPICAL TERM | |
| Topical term or geographic name entry element | Dance and Music |
| 9 (RLIN) | 32045 |
| 700 ## - ADDED ENTRY--PERSONAL NAME | |
| Personal name | SARKAR (Urmi Mala) |
| 9 (RLIN) | 32046 |
| 942 ## - ADDED ENTRY ELEMENTS (KOHA) | |
| Source of classification or shelving scheme | Dewey Decimal Classification |
| Koha item type | George Fernandes Collections |
| Withdrawn status | Lost status | Source of classification or shelving scheme | Damaged status | Not for loan | Collection code | Home library | Current library | Date acquired | Total Checkouts | Full call number | Barcode | Date last seen | Price effective from | Koha item type |
|---|---|---|---|---|---|---|---|---|---|---|---|---|---|---|
| Dewey Decimal Classification | Others | St Aloysius Library | St Aloysius Library | 03/24/2013 | 790.2 SARP | GF03021 | 04/26/2022 | 04/26/2022 | George Fernandes Collections |